Statistics for Ultimate how to train your dragon quiz

Click here to take the quiz!

General Stats

  • This quiz has been taken 1,167 times
    (1,110 since last reset)
  • The average score is 29 of 58

Answer Stats

#HintAnswer% Correct
1main chracterhiccup
99%
2^girlfriendastrid
98%
9number ones dragontoothless
91%
3twin girlruffnut
90%
4twin boytuffnut
90%
6chief of berkstoick
87%
10^speciesnight fury
86%
5rides a monstrous nightmaresnotlout
86%
8works in armorygobber
78%
11number twos dragonstorm fly
77%
25dragon rider that knows a lot about dragonsfishlegs
70%
13number three and fours dragonbarf and belch
69%
12^speciesdeadly nadder
68%
20number sevens dragon speciesdeadly nadder
68%
14number fives dragonhookfang
66%
24^speciesmonstrous nightmare
64%
29snotlouts dragon speciesmonstrous nightmare
64%
26^dragonmeatlug
61%
16number ones momvalka
61%
27^speciesgronckle
60%
42^ speciesgronckle
60%
7number fives dadspitelout
59%
15has a bucket stuck on his headbucket
58%
17^dragoncloud jumper
56%
3835's sisterheather
53%
50villain in second moviedrago bludvist
48%
28number 13 specieshideous zippleback
48%
18number sixs dragonskullcrusher
48%
34number 1,6 last namehaddock
45%
35bad guy turned good, calls #1 brotherdagur the deranged
44%
21number eights dragongrump
43%
32number 2s last namehofferson
42%
19^speciesrumble horn
41%
23^dragonfanghook
40%
40^ speciesrazor whip
40%
56the name of 4's chickenchicken
39%
49works for the villain in the second movie becomes gooderet
36%
44head dragon hunterviggo grimborn
36%
39^ dragonwind shear
36%
22number five wanna begustav larson
35%
31number 5 & 7s last namejorgenson
33%
554's macemacey
33%
58a trader who becomes a traitorjohann
32%
36^ wifemala
32%
33number 3,4 last namethorston
32%
51riders of berk villainalvin the treacherous
31%
45^ brotherryker grimborn
29%
57the name of 3 and 4's cousingruffnut
28%
4135's first dragonshatter master
25%
37^ right hand manthrok
24%
47group of women who fly using baby razor whipswingmaidens
24%
46dragon hunter who rides a singetailkrogan
23%
52above's right hand man until he serves #35savage
22%
30number 21s specieshotburple
21%
53hates dragons smuggled whispering death eggs below berkmildew
20%
4335's second dragon speciestriple stryke
20%
48^ leaderatali
18%
54used to be a mute until end of defenders of berksilent sven
17%

Score Distribution

Percentile by Number Answered

Percent of People with Each Score

Your Score History

You have not taken this quiz since the last reset